[Event "EU-ch 22nd"]
[Site "Terme Catez"]
[Date "2022.03.30"]
[Round "4"]
[White "Spacapan, Simon"]
[Black "Kuznetsova, Elyzaveta"]
[Result "1-0"]
[WhiteElo "1966"]
[BlackElo "1366"]
[PlyCount "43"]
[EventDate "2022.03.27"]
[EventType "swiss"]
[EventRounds "11"]
[EventCountry "SLO"]
[SourceTitle "CBM 208"]
[Source "ChessBase"]
[SourceDate "2022.06.30"]
[SourceVersion "1"]
[SourceVersionDate "2022.06.30"]
[SourceQuality "1"]

1. e4 c6 2. d4 d5 3. exd5 cxd5 4. c4 Nf6 5. Nc3 Nc6 6. Bg5 e6 7. Nf3 Be7 8. c5 0-0 9. Bb5 Ne4 10. Bxe7 Nxe7 11. Rc1 b6 12. c6 Qd6 13. 0-0 f6 14. Re1 a6 15. Bd3 Nxc3 16. Rxc3 Nxc6 17. Bxh7+ Kh8 18. Bb1 Bd7 19. Ng5 Kg8 20. Qh5 fxg5 21. Bh7+ Kh8 22. Bg6+ 1-0

[Event "SLO-chT NML 31st"]
[Site "Ptuj/Grosuplje"]
[Date "2021.10.22"]
[Round "7.1"]
[White "Polajzer, Danilo"]
[Black "Spacapan, Simon"]
[Result "1-0"]
[WhiteElo "2204"]
[BlackElo "1966"]
[PlyCount "47"]
[EventDate "2021.10.08"]
[EventType "team-tourn"]
[EventRounds "9"]
[EventCountry "SLO"]
[SourceTitle "EXT 2023"]
[Source "ChessBase"]
[SourceDate "2022.10.05"]
[SourceVersion "1"]
[SourceVersionDate "2022.10.05"]
[SourceQuality "1"]
[WhiteTeam "Ptuj"]
[BlackTeam "Slovenska Bistrica Impol"]
[WhiteTeamCountry "SLO"]
[BlackTeamCountry "SLO"]

1. Nf3 d5 2. d4 Nf6 3. c4 c6 4. e3 Bf5 5. cxd5 cxd5 6. Nc3 Nc6 7. Ne5 a6 8. Be2 e6 9. g4 Be4 10. f3 Nxe5 11. dxe5 Nd7 12. fxe4 Qh4+ 13. Kd2 Nxe5 14. Qa4+ Nc6 15. exd5 exd5 16. Kc2 0-0-0 17. Kb1 Qf6 18. Qf4 Be7 19. Bf3 Qe6 20. Rd1 d4 21. exd4 g5 22. d5 gxf4 23. dxe6 fxe6 24. Bxc6 1-0

[Event "SLO-chT NML 31st"]
[Site "Ptuj/Grosuplje"]
[Date "2021.10.15"]
[Round "4.1"]
[White "Spacapan, Simon"]
[Black "Kos, Toni"]
[Result "0-1"]
[WhiteElo "1966"]
[BlackElo "2301"]
[PlyCount "62"]
[EventDate "2021.10.08"]
[EventType "team-tourn"]
[EventRounds "9"]
[EventCountry "SLO"]
[SourceTitle "EXT 2023"]
[Source "ChessBase"]
[SourceDate "2022.10.05"]
[SourceVersion "1"]
[SourceVersionDate "2022.10.05"]
[SourceQuality "1"]
[WhiteTeam "Slovenska Bistrica Impol"]
[BlackTeam "Krsko Triglav"]
[WhiteTeamCountry "SLO"]
[BlackTeamCountry "SLO"]

1. e4 Nc6 2. d4 d6 3. Nf3 Nf6 4. Nc3 Bg4 5. Be3 e5 6. Bb5 exd4 7. Qxd4 Be7 8. h3 Bd7 9. Qd2 0-0 10. 0-0-0 a6 11. Be2 b5 12. a3 b4 13. axb4 Qb8 14. Nd5 Bd8 15. Nd4 Nxe4 16. Nxc6 Bxc6 17. Qd4 Nf6 18. Nc3 Nd7 19. Qc4 Qb7 20. Bf3 Ne5 21. Bxc6 Nxc6 22. Nd5 Rb8 23. Bd2 a5 24. c3 axb4 25. Nxb4 Nxb4 26. Qxb4 Qa8 27. Qa3 Qxg2 28. Be3 Bg5 29. Bxg5 Qxg5+ 30. Kb1 Qf5+ 31. Kc1 Ra8 0-1

[Event "Padova del Santo op-A 7th"]
[Site "Padova"]
[Date "2020.02.22"]
[Round "2.1"]
[White "Spacapan, Simon"]
[Black "Musso, Alessio"]
[Result "0-1"]
[WhiteElo "1980"]
[BlackElo "2011"]
[PlyCount "80"]
[EventDate "2020.02.21"]
[EventType "swiss"]
[EventRounds "3"]
[EventCountry "ITA"]
[SourceTitle "EXT 2024"]
[Source "ChessBase"]
[SourceDate "2023.10.10"]
[SourceVersion "1"]
[SourceVersionDate "2023.10.10"]
[SourceQuality "1"]

1. e4 c5 2. Nf3 Nc6 3. d4 cxd4 4. Nxd4 Nf6 5. Nc3 e5 6. Ndb5 d6 7. Bg5 a6 8. Na3 b5 9. Bxf6 Qxf6 10. Nd5 Qd8 11. Bxb5 axb5 12. Nxb5 Qa5+ 13. c3 Kd8 14. Ndc7 Rb8 15. a4 Rb7 16. Nd5 Be6 17. 0-0 Na7 18. b4 Qa6 19. Na3 Qc6 20. c4 Bxd5 21. exd5 Qc7 22. Rb1 f5 23. c5 dxc5 24. d6 Bxd6 25. Nc4 Ke7 26. bxc5 Bxc5 27. Rxb7 Qxb7 28. Nxe5 Rd8 29. Qc2 Qc8 30. Qc4 Kf6 31. Qf7+ Kxe5 32. Re1+ Kd6 33. Qe7+ Kc6 34. Re6+ Bd6 35. Qf7 Rf8 36. Qe7 Qd7 37. Qxf8 Qxe6 38. Qa8+ Kb6 39. g3 Qe1+ 40. Kg2 Qe4+ 0-1

[Event "Gibraltar Challengers op-B"]
[Site "Caleta"]
[Date "2019.01.29"]
[Round "4"]
[White "Haase, Pavel"]
[Black "Spacapan, Simon"]
[Result "1-0"]
[WhiteElo "2141"]
[BlackElo "2061"]
[PlyCount "93"]
[EventDate "2019.01.26"]
[EventType "swiss"]
[EventRounds "5"]
[EventCountry "GGB"]
[SourceTitle "CBM 188 Extra"]
[Source "ChessBase"]
[SourceDate "2019.02.26"]
[SourceVersion "1"]
[SourceVersionDate "2019.02.26"]
[SourceQuality "1"]

1. f4 d5 2. Nf3 c5 3. b3 Nc6 4. Bb2 Nf6 5. e3 Bg4 6. h3 Bd7 7. g4 Ne4 8. Rg1 e6 9. d3 Nd6 10. Nbd2 Qc7 11. Ne5 0-0-0 12. Bg2 f6 13. Nef3 Nf7 14. a3 Bd6 15. Qe2 e5 16. f5 Kb8 17. 0-0-0 d4 18. Ne4 b5 19. Nfd2 Rc8 20. Kb1 dxe3 21. Qxe3 Ne7 22. c4 a6 23. Ka2 Qb6 24. Rc1 Ka7 25. b4 a5 26. Nb3 axb4 27. axb4 bxc4 28. dxc4 Qxb4 29. Ba3 Qb6 30. Nxd6 Nxd6 31. Bxc5 Rxc5 32. Qxc5 Qxc5 33. Nxc5 Bc6 34. Bxc6 Nxc6 35. Rgd1 Nd4 36. Nb3 Nxb3 37. Kxb3 Rb8+ 38. Ka4 Ne4 39. Rd7+ Ka6 40. c5 Rc8 41. c6 Kb6 42. Rb7+ Ka6 43. Rxg7 h6 44. Rh7 Kb6 45. Rb7+ Ka6 46. Rb4 Nf2 47. Kb3 1-0

[Event "Gibraltar Challengers op-B"]
[Site "Caleta"]
[Date "2019.01.28"]
[Round "3"]
[White "Spacapan, Simon"]
[Black "Ramasindraibe, Girard"]
[Result "0-1"]
[WhiteElo "2061"]
[BlackElo "2129"]
[PlyCount "92"]
[EventDate "2019.01.26"]
[EventType "swiss"]
[EventRounds "5"]
[EventCountry "GGB"]
[SourceTitle "CBM 188 Extra"]
[Source "ChessBase"]
[SourceDate "2019.02.26"]
[SourceVersion "1"]
[SourceVersionDate "2019.02.26"]
[SourceQuality "1"]

1. e4 c5 2. Nf3 d6 3. d4 cxd4 4. Nxd4 Nf6 5. Nc3 a6 6. h3 e6 7. g4 Be7 8. g5 Nfd7 9. Bg2 Nc6 10. h4 0-0 11. Be3 Nde5 12. Qe2 Nxd4 13. Bxd4 b5 14. b3 Bd7 15. 0-0-0 Nc6 16. Be3 Qa5 17. Kb2 Rac8 18. Rd2 Rc7 19. Nb1 Rfc8 20. Rc1 b4 21. f4 Na7 22. Qf2 Rc5 23. Bxc5 Rxc5 24. c4 Qc7 25. Rcd1 Be8 26. f5 Nc6 27. Bh3 Nd8 28. Rd3 a5 29. Nd2 a4 30. Nf3 Qa5 31. Ra1 Rc7 32. Rad1 Ra7 33. Kc1 axb3 34. axb3 f6 35. Qb2 Bh5 36. Rg1 fxg5 37. hxg5 Bxf3 38. Rxf3 Qa1+ 39. Qb1 Qd4 40. Rd1 Bxg5+ 41. Kc2 Qxe4+ 42. Rfd3 Nc6 43. Re1 Nd4+ 44. Kb2 Ne2 45. Kc2 Bh4 46. Red1 Nc3 0-1

[Event "SLO-chT 28th"]
[Site "Slovenia"]
[Date "2018.12.16"]
[Round "9.2"]
[White "Gregoric, Andraz"]
[Black "Spacapan, Simon"]
[Result "1/2-1/2"]
[WhiteElo "1847"]
[BlackElo "2052"]
[PlyCount "85"]
[EventDate "2018.11.02"]
[EventType "team-tourn"]
[EventRounds "9"]
[EventCountry "SLO"]
[SourceTitle "CBM 187 Extra"]
[Source "ChessBase"]
[SourceDate "2018.11.04"]
[SourceVersion "1"]
[SourceVersionDate "2018.11.04"]
[SourceQuality "1"]
[WhiteTeam "Nova Gorica"]
[BlackTeam "Slovenska Bistrica Impol"]
[WhiteTeamCountry "SLO"]
[BlackTeamCountry "SLO"]

1. e4 c5 2. Nf3 d6 3. d4 cxd4 4. Nxd4 Nf6 5. Nc3 a6 6. Bg5 Nbd7 7. f4 Qc7 8. Qf3 h6 9. Bh4 g5 10. Bf2 gxf4 11. 0-0-0 e5 12. Nf5 b5 13. Bxb5 axb5 14. Nxb5 Qc6 15. Nbxd6+ Bxd6 16. Nxd6+ Kf8 17. a3 Ne8 18. Nf5 Ndf6 19. Rhe1 Ra4 20. Rd8 Bxf5 21. exf5 Qxf3 22. gxf3 Ke7 23. Rb8 Nd7 24. Rb7 Nd6 25. Bc5 f6 26. b4 Ra6 27. b5 Ra4 28. Rg1 Rh7 29. c3 Rc4 30. Bxd6+ Kxd6 31. Rd1+ Kc5 32. Rdxd7 Rxd7 33. Rxd7 Rxc3+ 34. Kd2 Rxa3 35. Rf7 Ra2+ 36. Kd3 Ra3+ 37. Ke2 Kxb5 38. Rxf6 Ra2+ 39. Kd3 Kc5 40. Rxh6 Kd5 41. Rh8 Kd6 42. Rh6+ Kd5 43. Rh8 1/2-1/2

[Event "Bled Planinc Memorial 1st"]
[Site "Bled"]
[Date "2018.11.24"]
[Round "6"]
[White "Mejak, George"]
[Black "Spacapan, Simon"]
[Result "1-0"]
[WhiteElo "2062"]
[BlackElo "2052"]
[PlyCount "65"]
[EventDate "2018.11.24"]
[EventType "swiss (blitz)"]
[EventRounds "9"]
[EventCountry "SLO"]
[SourceTitle "CBM 187 Extra"]
[Source "ChessBase"]
[SourceDate "2018.11.04"]
[SourceVersion "1"]
[SourceVersionDate "2018.11.04"]
[SourceQuality "1"]

1. d4 d5 2. c4 c6 3. Nc3 Nf6 4. Nf3 dxc4 5. Ne5 b5 6. a4 b4 7. Nb1 Bf5 8. f3 Nfd7 9. Nxc4 Be6 10. e4 g6 11. Bg5 f6 12. Bh4 Bg7 13. Be2 0-0 14. 0-0 a5 15. Nbd2 Bf7 16. Ne3 e5 17. d5 cxd5 18. Nxd5 Nb6 19. Nxb6 Qxb6+ 20. Bf2 Qb7 21. Nc4 Be6 22. Qd6 Qc6 23. Rfd1 Rc8 24. Nb6 Bf8 25. Qxc6 Nxc6 26. Nxa8 Rxa8 27. Rac1 Ne7 28. Bc4 Kf7 29. Bxe6+ Kxe6 30. Rc7 f5 31. Bc5 Ra6 32. Rdd7 Rc6 33. Rxe7+ 1-0

[Event "SLO-chT 27th"]
[Site "Slovenia"]
[Date "2017.12.09"]
[Round "8.6"]
[White "Spacapan, Simon"]
[Black "Janzekovic, Klemen Tilen"]
[Result "1/2-1/2"]
[WhiteElo "1986"]
[BlackElo "1993"]
[PlyCount "51"]
[EventDate "2017.09.29"]
[EventType "team-tourn"]
[EventRounds "9"]
[EventCountry "SLO"]
[SourceTitle "EXT 2019"]
[Source "ChessBase"]
[SourceDate "2018.10.10"]
[SourceVersion "1"]
[SourceVersionDate "2018.10.10"]
[SourceQuality "1"]
[WhiteTeam "Slovenska Bistrica Impol"]
[BlackTeam "Ptuj"]
[WhiteTeamCountry "SLO"]
[BlackTeamCountry "SLO"]

1. e4 e5 2. Nf3 Nc6 3. d4 exd4 4. Nxd4 Nf6 5. Nxc6 bxc6 6. Nc3 Bb4 7. Bd3 d5 8. exd5 cxd5 9. 0-0 0-0 10. Bg5 c6 11. Qf3 Be7 12. Rfe1 Be6 13. Bf5 h6 14. Bh4 Bxf5 15. Qxf5 Re8 16. Ne2 Qb6 17. b3 Ne4 18. Bxe7 Rxe7 19. Ng3 Rae8 20. Nxe4 Rxe4 21. Rxe4 Rxe4 22. Qc8+ Kh7 23. Qf5+ Kg8 24. Qc8+ Kh7 25. Qf5+ Kg8 26. Qc8+ 1/2-1/2

[Event "St Veit op-B 36th"]
[Site "St Veit"]
[Date "2017.07.10"]
[Round "4.5"]
[White "Enne, Harald"]
[Black "Spacapan, Simon"]
[Result "0-1"]
[WhiteElo "1984"]
[BlackElo "1980"]
[PlyCount "124"]
[EventDate "2017.07.08"]
[EventType "swiss"]
[EventRounds "9"]
[EventCountry "AUT"]
[SourceTitle "EXT 2024"]
[Source "ChessBase"]
[SourceDate "2023.10.10"]
[SourceVersion "1"]
[SourceVersionDate "2023.10.10"]
[SourceQuality "1"]

1. d4 d5 2. c4 c6 3. Nc3 Nf6 4. Nf3 dxc4 5. a4 Bf5 6. e3 e6 7. Bxc4 Bb4 8. 0-0 Nbd7 9. Qe2 Bg6 10. e4 0-0 11. e5 Nd5 12. Ne4 h6 13. Rd1 a5 14. Bd2 Bxd2 15. Rxd2 N7b6 16. Bb3 Nf4 17. Qe1 Bh5 18. Bd1 Nbd5 19. g3 Ng6 20. h3 Nge7 21. Nd6 Qd7 22. Nh4 Bxd1 23. Qxd1 Nc8 24. Ne4 Qe7 25. Ra3 Ncb6 26. Nd6 Nc8 27. Ne4 Ncb6 28. Rf3 Nd7 29. Nd6 c5 30. dxc5 Nxe5 31. Rb3 Nb4 32. Rd4 Qc7 33. f4 Nec6 34. Rc4 b6 35. Nb5 Qb8 36. cxb6 Qxb6+ 37. Kg2 Rad8 38. Qe2 Rd5 39. Rbc3 Rfd8 40. Nf3 e5 41. fxe5 Nxe5 42. Rc8 Nxf3 43. Rxd8+ Qxd8 44. Kxf3 Rd2 45. Rc8 Qxc8 46. Qxd2 Qxh3 47. Qd8+ Kh7 48. Qxa5 Qf1+ 49. Ke3 Qe1+ 50. Kf3 Qf1+ 51. Ke3 Qd3+ 52. Kf2 Qd2+ 53. Kg1 Qxb2 54. Qa8 Qc1+ 55. Kh2 Qc2+ 56. Kh3 Qf5+ 57. Kg2 Nd3 58. Kh2 Qh5+ 59. Kg2 Qe2+ 60. Kh3 Nf2+ 61. Kg2 Ne4+ 62. Kh3 f5 0-1

[Event "SLO-chT"]
[Site "Slovenia"]
[Date "2016.11.12"]
[Round "5.5"]
[White "Kovac, Boris"]
[Black "Spacapan, Simon"]
[Result "1/2-1/2"]
[WhiteElo "2224"]
[BlackElo "1967"]
[PlyCount "165"]
[EventDate "2016.10.14"]
[EventType "team-tourn"]
[EventRounds "9"]
[EventCountry "SLO"]
[SourceTitle "CBM 175 Extra"]
[Source "ChessBase"]
[SourceDate "2016.12.12"]
[SourceVersion "1"]
[SourceVersionDate "2016.12.12"]
[SourceQuality "1"]
[WhiteTeam "Pomgrad Radenska"]
[BlackTeam "Impol Slovenska Bistrica"]
[WhiteTeamCountry "SLO"]
[BlackTeamCountry "SLO"]

1. e4 c5 2. Nf3 d6 3. d4 cxd4 4. Nxd4 Nf6 5. Nc3 a6 6. Bg5 e6 7. Be2 Nbd7 8. 0-0 Be7 9. Be3 0-0 10. f4 Qc7 11. Bf3 Nc5 12. Nb3 Nxb3 13. cxb3 Bd7 14. Rc1 Qa5 15. Qd2 Bc6 16. Nd5 Qd8 17. Bb6 Qd7 18. Nxe7+ Qxe7 19. e5 Nd5 20. exd6 Qxd6 21. Bc5 Qxf4 22. Qxf4 Nxf4 23. Rc4 Nd5 24. Bxf8 Rxf8 25. Re1 g6 26. b4 Rd8 27. b3 Kf8 28. a4 Ke7 29. Rd4 Kf6 30. Red1 Re8 31. b5 axb5 32. axb5 Bxb5 33. Bxd5 exd5 34. Rxd5 Bc6 35. Rd6+ Kg5 36. Kf2 Re5 37. b4 h5 38. R6d4 Rf5+ 39. Kg1 Re5 40. h4+ Kf5 41. Kf2 f6 42. g3 g5 43. Re1 Rxe1 44. Kxe1 Be4 45. Kf2 gxh4 46. gxh4 Kf4 47. Rd6 f5 48. Rg6 Bd5 49. b5 Be4 50. b6 Bd5 51. Rg5 Bf3 52. Rg7 Be4 53. Ke2 Bf3+ 54. Kd3 Bd5 55. Kd4 Be4 56. Rg6 Bf3 57. Rg5 Bg4 58. Rg7 Bf3 59. Rh7 Kg4 60. Ke5 Be4 61. Rh8 Bf3 62. Rg8+ Kxh4 63. Kxf5 Bc6 64. Rg5 Bf3 65. Kf4 Bc6 66. Rc5 Bg2 67. Rc2 Kh3 68. Rc3+ Kh4 69. Kf5 Bd5 70. Rd3 Bg2 71. Re3 Bc6 72. Kf4 Bg2 73. Rd3 Bc6 74. Rc3 Bg2 75. Rc5 Bh1 76. Rc2 Kh3 77. Rc4 Bg2 78. Rd4 Bc6 79. Rd3+ Kh4 80. Rc3 Bg2 81. Kf5 Bd5 82. Ke5 Bg2 83. Kd4 1/2-1/2

[Event "SLO-chT"]
[Site "Slovenia"]
[Date "2016.10.16"]
[Round "3"]
[White "Spacapan, Simon"]
[Black "Plesec, Damjan"]
[Result "0-1"]
[WhiteElo "1967"]
[BlackElo "2206"]
[PlyCount "63"]
[EventDate "2016.10.14"]
[EventType "team-tourn"]
[EventRounds "9"]
[EventCountry "SLO"]
[SourceTitle "EXT 2017"]
[Source "ChessBase"]
[SourceDate "2016.10.25"]
[SourceVersion "1"]
[SourceVersionDate "2016.10.25"]
[SourceQuality "1"]
[WhiteTeam "Impol Slovenska Bistrica"]
[BlackTeam "Maribor ZSK"]
[WhiteTeamCountry "SLO"]
[BlackTeamCountry "SLO"]

1. e4 e6 2. d4 d5 3. Nd2 dxe4 4. Nxe4 Nd7 5. Nf3 Ngf6 6. Nxf6+ Nxf6 7. Bg5 c5 8. Bb5+ Bd7 9. Bxd7+ Qxd7 10. Bxf6 gxf6 11. c3 Qc6 12. 0-0 h5 13. Re1 0-0-0 14. b4 cxb4 15. cxb4 Kb8 16. Qb3 Bh6 17. b5 Qd5 18. Qxd5 Rxd5 19. a4 Rc8 20. g3 Rc4 21. Ra2 Rd8 22. Kg2 Kc7 23. Rb1 Kd6 24. h4 Rdc8 25. Kf1 Kd5 26. Rbb2 Ke4 27. Ke2 Bc1 28. Nd2+ Bxd2 29. Rxd2 Kd5 30. Ra3 Rb4 31. f3 f5 32. Ke3 0-1

[Event "SLO-chT"]
[Site "Slovenia"]
[Date "2016.10.15"]
[Round "2"]
[White "Rifelj, Luka"]
[Black "Spacapan, Simon"]
[Result "0-1"]
[WhiteElo "1986"]
[BlackElo "1967"]
[PlyCount "70"]
[EventDate "2016.10.14"]
[EventType "team-tourn"]
[EventRounds "9"]
[EventCountry "SLO"]
[SourceTitle "EXT 2017"]
[Source "ChessBase"]
[SourceDate "2016.10.25"]
[SourceVersion "1"]
[SourceVersionDate "2016.10.25"]
[SourceQuality "1"]
[WhiteTeam "Novo Mesto Krka"]
[BlackTeam "Impol Slovenska Bistrica"]
[WhiteTeamCountry "SLO"]
[BlackTeamCountry "SLO"]

1. d4 d5 2. c4 c6 3. Nf3 Nf6 4. Nc3 dxc4 5. a4 Bf5 6. e3 e6 7. Bxc4 Bb4 8. 0-0 Nbd7 9. Qe2 Bg6 10. Rd1 0-0 11. Bd3 Bxd3 12. Qxd3 Qe7 13. e4 e5 14. Bg5 h6 15. Bxf6 Qxf6 16. d5 Rfd8 17. dxc6 bxc6 18. Qc4 a5 19. Na2 Be7 20. Qc3 Nc5 21. Qxe5 Nxa4 22. Qxf6 Bxf6 23. e5 Be7 24. Rxd8+ Rxd8 25. Nc3 Nxb2 26. Kf1 Bb4 27. Na2 c5 28. Ke2 c4 29. Rc1 Rc8 30. Rc2 Nd3 31. Ke3 Bc5+ 32. Ke4 Bxf2 33. g3 Ba7 34. Kd5 Bb8 35. Nc3 Nb4+ 0-1

[Event "SLO-chT 25th"]
[Site "Otocec"]
[Date "2015.11.07"]
[Round "5.24"]
[White "Janzekovic, Klemen Tilen"]
[Black "Spacapan, Simon"]
[Result "0-1"]
[WhiteElo "1933"]
[BlackElo "1939"]
[PlyCount "120"]
[EventDate "2015.10.16"]
[EventType "team-tourn"]
[EventRounds "9"]
[EventCountry "SLO"]
[SourceTitle "EXT 2020"]
[Source "ChessBase"]
[SourceDate "2019.10.17"]
[SourceVersion "1"]
[SourceVersionDate "2019.10.17"]
[SourceQuality "1"]
[WhiteTeam "Ptuj"]
[BlackTeam "Impol Slovenska Bistrica"]
[WhiteTeamCountry "SLO"]
[BlackTeamCountry "SLO"]

1. e4 c5 2. Nc3 a6 3. g3 b5 4. Bg2 Bb7 5. f4 e6 6. d3 d5 7. e5 Nh6 8. Nf3 Be7 9. 0-0 0-0 10. Ne2 d4 11. h3 Nd7 12. g4 Qc7 13. Qe1 Kh8 14. Ng3 Rad8 15. g5 Nf5 16. Nxf5 exf5 17. Qg3 Bxf3 18. Bxf3 c4 19. Be2 g6 20. a4 Rc8 21. axb5 axb5 22. dxc4 bxc4 23. b3 cxb3 24. cxb3 Nc5 25. Bc4 Ne4 26. Qd3 Bb4 27. Bb2 Bc3 28. Ra2 Ra8 29. Rfa1 Rxa2 30. Rxa2 Nc5 31. Qc2 Bxb2 32. Qxb2 Rd8 33. Qd2 Ne4 34. Qd3 Kg7 35. Kh2 Qb6 36. Ra6 Qb4 37. Rf6 Rd7 38. Qf3 Qd2+ 39. Qg2 Qxg2+ 40. Kxg2 d3 41. e6 fxe6 42. Rxe6 d2 43. Be2 d1Q 44. Bxd1 Rxd1 45. Re7+ Kg8 46. Re8+ Kf7 47. Rh8 Kg7 48. Rb8 Rd2+ 49. Kf3 Rd3+ 50. Ke2 Rxh3 51. b4 Nc3+ 52. Kf2 Nd5 53. b5 Nxf4 54. b6 Rb3 55. b7 Nd3+ 56. Kg2 Nc5 57. Rc8 Nxb7 58. Rc7+ Kg8 59. Rc8+ Kf7 60. Rc7+ Ke6 0-1

[Event "Graz op"]
[Site "Graz"]
[Date "2015.08.31"]
[Round "3"]
[White "Spacapan, Simon"]
[Black "Buzeti, Jernej"]
[Result "0-1"]
[WhiteElo "1931"]
[BlackElo "2184"]
[PlyCount "82"]
[EventDate "2015.08.29"]
[EventType "swiss"]
[EventRounds "9"]
[EventCountry "AUT"]
[SourceTitle "EXT 2016"]
[Source "ChessBase"]
[SourceDate "2015.10.08"]
[SourceVersion "1"]
[SourceVersionDate "2015.10.08"]
[SourceQuality "1"]

1. d4 d5 2. c4 c6 3. Nc3 Nf6 4. Nf3 dxc4 5. a4 Bf5 6. e3 e6 7. Bxc4 Bb4 8. 0-0 0-0 9. Qe2 Bg6 10. Ne5 Nbd7 11. Nxg6 hxg6 12. Rd1 Qa5 13. Na2 Be7 14. Bd2 Qc7 15. Rac1 Rad8 16. b4 Qb8 17. b5 c5 18. a5 cxd4 19. exd4 Bd6 20. g3 Rfe8 21. Qd3 Bc7 22. Qb3 Ne4 23. Bb4 Ndf6 24. Nc3 Nxc3 25. Bxc3 Nd5 26. Be1 b6 27. a6 Rd7 28. Bxd5 Rxd5 29. Rc6 Qd8 30. Rdc1 Bb8 31. Bc3 Qg5 32. Rb1 Red8 33. Qc4 Qf5 34. Qf1 g5 35. h3 Qf3 36. Kh2 g4 37. hxg4 Qxg4 38. Qg2 Qh5+ 39. Qh3 Qg6 40. Qf1 Rh5+ 41. Kg1 Qh7 0-1

[Event "Graz op-B"]
[Site "Graz"]
[Date "2015.02.20"]
[Round "9"]
[White "Spacapan, Simon"]
[Black "Do Quoc, Khanh"]
[Result "0-1"]
[WhiteElo "1950"]
[BlackElo "1902"]
[PlyCount "74"]
[EventDate "2015.02.13"]
[EventType "swiss"]
[EventRounds "9"]
[EventCountry "AUT"]
[SourceTitle "CBM 165 Extra"]
[Source "ChessBase"]
[SourceDate "2015.04.21"]
[SourceVersion "1"]
[SourceVersionDate "2015.04.21"]
[SourceQuality "1"]

1. e4 e5 2. Nf3 Nc6 3. d4 exd4 4. Nxd4 Nf6 5. Nxc6 bxc6 6. Nd2 Bc5 7. Bd3 0-0 8. 0-0 Re8 9. h3 d5 10. exd5 cxd5 11. Nf3 h6 12. Bf4 Bd6 13. Qc1 c5 14. Rd1 Rb8 15. b3 Bxf4 16. Qxf4 Rb4 17. Qd2 Nh5 18. Bc4 d4 19. c3 Rb6 20. cxd4 Rd6 21. Rac1 cxd4 22. Nxd4 Qf6 23. Qa5 Nf4 24. Nf3 Nxh3+ 25. Kf1 Rxd1+ 26. Rxd1 Bg4 27. Bd5 Nf4 28. Bb7 Re7 29. Ba8 Kh7 30. Qd8 h5 31. Kg1 Ne2+ 32. Kf1 Nc3 33. Rd2 Qa6+ 34. Kg1 Qf6 35. Qd3+ g6 36. Nd4 Re1+ 37. Kh2 Qh4+ 0-1

[Event "SLO-chT1 East"]
[Site "Celje"]
[Date "2014.10.12"]
[Round "5"]
[White "Rajkovic, Radisa"]
[Black "Spacapan, Simon"]
[Result "1-0"]
[WhiteElo "2068"]
[BlackElo "1938"]
[PlyCount "131"]
[EventDate "2014.10.09"]
[EventType "team-tourn"]
[EventRounds "9"]
[EventCountry "SLO"]
[SourceTitle "EXT 2019"]
[Source "ChessBase"]
[SourceDate "2018.10.10"]
[SourceVersion "1"]
[SourceVersionDate "2018.10.10"]
[SourceQuality "1"]
[WhiteTeam "Velenje Veplas"]
[BlackTeam "Slovenska Bistrica Impol"]
[WhiteTeamCountry "SLO"]
[BlackTeamCountry "SLO"]

1. d4 d5 2. Nf3 Nf6 3. c4 c6 4. e3 a6 5. Nc3 b5 6. b3 Bg4 7. h3 Bxf3 8. gxf3 Nbd7 9. f4 e6 10. Bg2 bxc4 11. bxc4 Bb4 12. Bd2 Qa5 13. Qc2 Nb6 14. c5 Nc4 15. Rc1 Rb8 16. 0-0 Nxd2 17. Qxd2 0-0 18. Qc2 Bxc3 19. Qxc3 Qxc3 20. Rxc3 Rb5 21. Rb3 Rfb8 22. Rfb1 a5 23. Bf1 Rxb3 24. axb3 Kf8 25. Ra1 Rxb3 26. Rxa5 Rb7 27. Ra6 Rc7 28. Ra8+ Ke7 29. Bd3 Nd7 30. Kg2 g6 31. Kf3 Nf6 32. Ra6 h5 33. Kg3 Ne8 34. Kh4 Ng7 35. Kg5 Ne8 36. Rb6 Ng7 37. Kh6 Ne8 38. Ba6 Kd8 39. Bb7 Kd7 40. f3 Nf6 41. Kg7 Ke7 42. Bxc6 h4 43. Kh6 Nh5 44. Kg5 Ng3 45. e4 Ne2 46. exd5 exd5 47. Bxd5 Nxd4 48. Kxh4 f6 49. Be4 Rxc5 50. Bxg6 Nxf3+ 51. Kg4 Nh2+ 52. Kg3 Nf1+ 53. Kf2 Nd2 54. h4 Rc8 55. h5 Rh8 56. Rb4 f5 57. Ke3 Nf1+ 58. Kf3 Nd2+ 59. Kg3 Ne4+ 60. Kh4 Ke6 61. Rb6+ Nd6 62. Kg5 Ke7 63. Ra6 Rf8 64. Kh6 Nf7+ 65. Kg7 Nd6 66. Rxd6 1-0

[Event "SLO-chT1 East"]
[Site "Sentjur"]
[Date "2013.10.19"]
[Round "3"]
[White "Spacapan, Simon"]
[Black "Glavac, Igor"]
[Result "1-0"]
[WhiteElo "1968"]
[BlackElo "1890"]
[PlyCount "87"]
[EventDate "2013.10.17"]
[EventType "team-tourn"]
[EventRounds "9"]
[EventCountry "SLO"]
[SourceTitle "EXT 2015"]
[Source "ChessBase"]
[SourceDate "2014.11.20"]
[SourceVersion "1"]
[SourceVersionDate "2014.11.20"]
[SourceQuality "1"]

1. e4 c5 2. Nf3 Nf6 3. Nc3 d6 4. d4 cxd4 5. Qxd4 a6 6. Bg5 Nc6 7. Qe3 e6 8. 0-0-0 Bd7 9. h3 Qc7 10. g4 Be7 11. Nd4 Nxd4 12. Rxd4 d5 13. e5 Ng8 14. Bxe7 Nxe7 15. Qg5 Ng6 16. f4 h6 17. Qh5 Qc5 18. Ne2 Bb5 19. Rd2 Bxe2 20. Bxe2 Nxf4 21. Qh4 Nxe2+ 22. Rxe2 Qc4 23. Rf2 Qxa2 24. Rhf1 0-0 25. g5 Qa1+ 26. Kd2 Qxb2 27. gxh6 Rac8 28. hxg7 Rxc2+ 29. Ke3 Rc3+ 30. Kf4 Qb4+ 31. Kg5 Qxh4+ 32. Kxh4 Kxg7 33. Rg1+ Kh7 34. Rg5 Rc4+ 35. Kh5 f6 36. exf6 Rf7 37. Rfg2 Rf4 38. Rg7+ Rxg7 39. Rxg7+ Kh8 40. Kg6 Rf3 41. Rh7+ Kg8 42. f7+ Kf8 43. Rh8+ Ke7 44. Re8+ 1-0